El huésped.
Saved in:
| Hovedforfatter: | |
|---|---|
| Format: | Bog |
| Sprog: | engelsk |
| Udgivet: |
Barcelona, España.
Anagrama,
2020
|
| Udgivelse: | Segunda edición |
| Serier: | Narrativas hispánicas
|
| Fag: | |
| Tags: |
Tilføj Tag
Ingen Tags, Vær først til at tagge denne postø!
|
MARC
| LEADER | 00000nam a22000007a 4500 | ||
|---|---|---|---|
| 003 | CL-VaPUC | ||
| 005 | 20211005141944.0 | ||
| 008 | 210729b2020 ||||| |||| 00| 0 eng d | ||
| 999 | |c 433394 |d 433392 | ||
| 020 | |a 978-84-339-9886-6 | ||
| 040 | |c Pontificia Universidad Católica de Valparaíso | ||
| 082 | 0 | 4 | |2 21 |a Me863 NET 2020 |
| 100 | 1 | |a Nettel, Guadalupe |9 861431 |e autora | |
| 245 | 1 | 3 | |a El huésped. |
| 250 | |a Segunda edición | ||
| 260 | |a Barcelona, España. |b Anagrama, |c 2020 | ||
| 300 | |a 189 páginas | ||
| 490 | 0 | |a Narrativas hispánicas | |
| 500 | |a Donación Prof. Sr. Raúl Rodríguez F., Inst. Literatura Memo 6/2021 21/7/2021 | ||
| 583 | |c 20210729 |k Cristina Rojas | ||
| 650 | 1 | |a Novelas mexicanas |9 317570 | |
| 650 | 1 | |a Literatura mexicana |9 313097 | |
| 650 | 1 | |a Narrativa hispanoamericana |z México |9 862441 | |
| 942 | |2 ddc |c BK | ||
| 952 | |0 0 |1 0 |2 ddc |4 0 |6 ME_863_000000000000000_NET_2020 |7 0 |8 A |9 578517 |a FDOPOS |b FDOPOS |d 2021-07-29 |i 5622875 |o Me863 NET 2020 |p 5622875 |r 2025-01-22 |t 1 |w 2021-07-29 |y BK |k DLH | ||